R N A interference for generation of transgenic blackgram (vigna mungo L. Hepper) plants resistant to yellow mosaic disease (Record no. 125669)

MARC details
000 -LEADER
fixed length control field 00415nam a2200145Ia 4500
008 - FIXED-LENGTH DATA ELEMENTS--GENERAL INFORMATION
fixed length control field 230917s9999||||xx |||||||||||||| ||und||
040 ## - CATALOGING SOURCE
-- 204786
Original cataloging agency VIVEKANANDA LIBRARY
041 ## - Language
-- English
082 ## - DDC NUMBER
Classification number 660.6 S94S
100 ## - MAIN ENTRY--PERSONAL NAME
Personal name Savita
245 #0 - TITLE STATEMENT
Title R N A interference for generation of transgenic blackgram (vigna mungo L. Hepper) plants resistant to yellow mosaic disease
260 ## - PUBLICATION, DISTRIBUTION, ETC. (IMPRINT)
Date of publication, distribution, etc 2011
300 ## - PHYSICAL DESCRIPTION
Pages 99 p.
942 ## - ADDED ENTRY ELEMENTS (KOHA)
Koha item type Thesis
Holdings
Withdrawn status Lost status Damaged status Not for loan Location (home branch) Sublocation or collection (holding branch) Date acquired Koha issues (times borrowed) Koha full call number Accession No. Koha date last seen Koha item type
        VIVEKANANDA LIBRARY VIVEKANANDA LIBRARY 15/01/2013   660.6 S94S 221628 17/09/2023 Thesis
© Designed and Maintained by Vivekananda Library, MDU Rohtak